Antony and Cleopatra

التفاصيل البيبلوغرافية
المؤلف الرئيسي: W. Shakespeare
الملخص:Книга находится в премиум-версии платформы «Русский как иностранный».
A magnificent drama of love and war, this riveting tragedy presents one of Shakespeare’s greatest female characters - the seductive, cunning Egyptian queen Cleopatra. The Roman leader Mark Antony, a virtual prisoner of his passion for her, is a man torn between pleasure and virtue, between sensual indolence and duty... between an empire and love. Bold, rich, and splendid in its setting and emotions, Antony and Cleopatra ranks among Shakespeare’s supreme achievements.
منشور في: Москва, T8RUGRAM, 2018
الموضوعات:
الوصول للمادة أونلاين:Перейти к просмотру издания
التنسيق: MixedMaterials الكتروني

MARC

LEADER 00000 a2200000 4500
001 RU/ROS-EDU.RU/83400
856 4 |u https://www.ros-edu.ru/book?id=83400  |z Перейти к просмотру издания 
010 |a 978-5-521-05937-9 
100 |a 20180101d2018 |||y0rusy0250  
105 |a y z 000zy 
101 0 |a rus 
102 |a RU 
200 1 |a Antony and Cleopatra  |b Электронный ресурс  |f W. Shakespeare 
700 1 |b W.  |a Shakespeare  |4 070 
330 |a A magnificent drama of love and war, this riveting tragedy presents one of Shakespeare’s greatest female characters - the seductive, cunning Egyptian queen Cleopatra. The Roman leader Mark Antony, a virtual prisoner of his passion for her, is a man torn between pleasure and virtue, between sensual indolence and duty... between an empire and love. Bold, rich, and splendid in its setting and emotions, Antony and Cleopatra ranks among Shakespeare’s supreme achievements. 
210 |a Москва  |c T8RUGRAM  |d 2018 
610 1 |a художественная литература 
610 1 |a английский язык 
610 1 |a зарубежная проза 
610 1 |a классика 
610 1 |a трагедия 
675 |a 82 
686 |a 84  |2 rubbk 
300 |a Книга находится в премиум-версии платформы «Русский как иностранный». 
215 |a 121 с.